Normal view
MARC view
- Ida, Nathan
Entry Personal Name
001 - CONTROL NUMBER
- control field: 109197
003 - CONTROL NUMBER IDENTIFIER
- control field: NUST
005 - DATE AND TIME OF LATEST TRANSACTION
- control field: 20230217110859.0
008 - FIXED-LENGTH DATA ELEMENTS
- fixed length control field: 230217|| aca||aabn | a|a d
040 ## - CATALOGING SOURCE
- Original cataloging agency: NUST
- Transcribing agency: NUST
100 ## - HEADING--PERSONAL NAME
- Personal name: Ida, Nathan
670 ## - SOURCE DATA FOUND
- Source citation: Work cat.: (NUST)188779: Ida, Nathan., Engineering electromagnetics /, c2004.
